Construcción social del maíz transgénico: grupos sociales relevantes en Chihuahua /

שמור ב:
מידע ביבליוגרפי
מחבר ראשי: Fernández Nava, Marco Antonio
פורמט: ספר
שפה:Spanish
תגים: הוספת תג
אין תגיות, היה/י הראשונ/ה לתייג את הרשומה!

MARC

LEADER 00000nam a22000007a 4500
003 cru CIDCACS/IIS
005 20170420115343.0
007 ta
008 170420e2016 ec ||||| |||| 00| 0 spa d
040 |c cru CIDCACS/IIS 
100 1 |9 4245  |a Fernández Nava, Marco Antonio 
245 1 |a Construcción social del maíz transgénico:  |b grupos sociales relevantes en Chihuahua /  |c Marco Antonio Fernández Nava 
300 |a páginas 27-48 
773 0 |0 18721  |9 648  |a FLACSO, Ecuador  |d Quito, Ecuador FLACSO 1997-  |o R19093  |t Iconos:  |x 13901249 
942 |2 ddc  |c PP 
999 |c 19205  |d 19205